000 00488cam a2200193ua 4500
001 797
005 20260515113227.0
008 110420n ii |||gr||||Z||||||eng
040 _cMAIN
082 _a320.9
245 1 _aHistory of political theory.
_cBy George H. Sabine.
250 _a3rd.
260 _aBombay.:
_bOxford.,968.
300 _axii, 948 p.:
_c25 cm.
653 _aPolitical science.
653 _aHistory of political theory.
700 1 _aSabine, George H.,
942 _cBK
999 _c723
_d723